MARC details
| 000 -LEADER |
| fixed length control field |
01153nam a2200277 a 4500 |
| 008 - FIXED-LENGTH DATA ELEMENTS--GENERAL INFORMATION |
| fixed length control field |
060316s1999 ||||||||||||||||| || u |
| 020 ## - INTERNATIONAL STANDARD BOOK NUMBER |
| International Standard Book Number |
0415181704 |
| 050 ## - LIBRARY OF CONGRESS CALL NUMBER |
| Classification number |
HF 1713 Glo |
| 100 ## - MAIN ENTRY--PERSONAL NAME |
| Personal name |
Taylor, Annie, 1961- |
| 245 10 - TITLE STATEMENT |
| Title |
Global trade and global social issues / |
| 260 ## - PUBLICATION, DISTRIBUTION, ETC. |
| Place of publication, distribution, etc. |
London |
| Name of publisher, distributor, etc. |
Routledge |
| Date of publication, distribution, etc. |
1999. |
| 300 ## - PHYSICAL DESCRIPTION |
| Extent |
xv, 247 p. |
| 350 ## - |
| -- |
0.00 |
| 490 ## - |
| -- |
Routledge research global environmental change series |
| 500 ## - GENERAL NOTE |
| General note |
Bibliography |
| 650 ## - SUBJECT ADDED ENTRY--TOPICAL TERM |
| Topical term or geographic name entry element |
INTERNATIONAL TRADE--SOCIAL ASPECTS |
| 650 ## - SUBJECT ADDED ENTRY--TOPICAL TERM |
| Topical term or geographic name entry element |
Free trade - Environmental aspects |
| 650 ## - SUBJECT ADDED ENTRY--TOPICAL TERM |
| Topical term or geographic name entry element |
Free trade - Social aspects |
| 650 #0 - SUBJECT ADDED ENTRY--TOPICAL TERM |
| Topical term or geographic name entry element |
INTERNATIONAL ECONOMIC RELATIONS |
| 650 #0 - SUBJECT ADDED ENTRY--TOPICAL TERM |
| Topical term or geographic name entry element |
ECONOMICS |
| 650 ## - SUBJECT ADDED ENTRY--TOPICAL TERM |
| Topical term or geographic name entry element |
WORLD TRADE ORGANIZATION--MANUAL |
| 650 ## - SUBJECT ADDED ENTRY--TOPICAL TERM |
| Topical term or geographic name entry element |
HUMAN RIGHTS--ECONOMIC ASPECTS |
| 700 ## - ADDED ENTRY--PERSONAL NAME |
| Personal name |
Thomas, Caroline, 1959- |
| 995 ## - |
| -- |
MAIN LIBRARY OPEN ACCESS |
| -- |
0.00 |
| -- |
736093 |
| -- |
CBU-MAIN LIBRARY (Kitwe) |
| -- |
1 |
| -- |
0.00 |
| -- |
HF 1713 Glo |
| -- |
1 |
| -- |
AVAILABLE |
| -- |
May 18, 2006 |
| -- |
038753 |
| -- |
Main Library Open Access Collection |
| 995 ## - |
| -- |
MAIN LIBRARY OPEN ACCESS |
| -- |
0.00 |
| -- |
736093 |
| -- |
CBU-MAIN LIBRARY (Kitwe) |
| -- |
1 |
| -- |
0.00 |
| -- |
HF 1713 GLO |
| -- |
2 |
| -- |
AVAILABLE |
| -- |
Jul 12, 2006 |
| -- |
38753 |
| -- |
Main Library Open Access Collection |
| 999 ## - |
| -- |
75955 |
| -- |
75955 |